000 00433nam a2200181Ia 4500
005 20240823015652.0
008 240823s9999||||xx |||||||||||||| ||und||
041 _aENGLISH
082 _A621.388 M5
100 _a"Markus,John"
245 0 _aTelevision and Radio Engineering
250 _a2nd
260 _c1985
_b"TMH,New Delhi"
500 _aTRANSFERED
650 _aTelevision
_bElectronics
942 _cBK
999 _c172959
_d172959